00546nam a2200205Ia 450000500170000000800460001703700110006304000080007404000080008204000080009004100080009804100080010608400080011410000440012224500800016626000090024630000080025565000150026370000620027820260430150331.0008 250103s9999 xx 000 0 eng d aTheses aCRL beng ceng 2eng aeng qCRL aNelson Kho K P Au.; P. Kesava Kumar Gu. 4aThe Communitarian Idea of the Self with Special Reference to Charles Taylor c2022 a262 aPhilosophy aUniversity of Delhi. Faculty of Arts. Deptt of Philosophy